000 00601nam a22001937a 4500
005 20240703160144.0
010 _aENG-140738
020 _c2575.00
_a9788195676996
035 _aEN-124270
037 _bDBAD
082 _a621.31924
_21
100 _aTripathi, P.K
_968066
245 _aManufacture of Electrical Cables, Wire and Wire Products Handbook/
_cBy P.K Tripathi
250 _a1
260 _aDelhi
_bNIIR Project Consultancy Services
_c2023
270 _bDelhi
_e110007
_a106 - A, Kamla Nagar
300 _axxi,489p.
_c21cm(pbk)
_bill
942 _2ddc
_cEN
_h621.31924
_mTRI
999 _c203916
_d203916